000 00696nam a22002057a 4500
003 0
005 20250129103934.0
008 150928b xxu||||| |||| 00| 0 eng d
050 _aPGS GV 1469.3
_b.M829 2015
100 _aMoran, Gregg P.
245 _aVideo games engagement and sleeping habits /
_cGregg P. Moran.
260 _aLas PiƱas City, Philippines :
_bSouthville International School and Colleges,
_c2015.
300 _a21 p. :
_bill. ;
_c28 cm.
504 _aIncludes bibliographical references.
650 _aVideo games and teenagers.
650 _aSleeping habits.
650 _aVideo games
_vSocial aspects.
650 _aSleep
_vPhysiological aspects.
942 _2lcc
_cPASS
999 _c288755
_d288755